User-Centered Design (Record no. 12870)

000 -LEADER
fixed length control field 00398 a2200169 4500
003 - CONTROL NUMBER IDENTIFIER
control field OSt
005 - DATE AND TIME OF LATEST TRANSACTION
control field 20240727152453.0
008 - FIXED-LENGTH DATA ELEMENTS--GENERAL INFORMATION
fixed length control field 240727b ||||| |||| 00| 0 eng d
020 ## - INTERNATIONAL STANDARD BOOK NUMBER
International Standard Book Number 9789351101345
082 ## - DEWEY DECIMAL CLASSIFICATION NUMBER
Classification number 720.28
100 ## - MAIN ENTRY--PERSONAL NAME
Personal name Travis Lowdermilk
245 ## - TITLE STATEMENT
Title User-Centered Design
250 ## - EDITION STATEMENT
Edition statement 2013
260 ## - PUBLICATION, DISTRIBUTION, ETC. (IMPRINT)
Name of publisher, distributor, etc Shroff Publishers & Distributors Pvt Ltd
300 ## - PHYSICAL DESCRIPTION
Extent 135p;
942 ## - ADDED ENTRY ELEMENTS (KOHA)
Source of classification or shelving scheme
Holdings
Withdrawn status Lost status Source of classification or shelving scheme Damaged status Koha normalized classification for sorting Not for loan Permanent location Current location Date acquired Source of acquisition Cost, normal purchase price Full call number Barcode Date last seen Cost, replacement price Price effective from Koha item type
        720_280000000000000   BMS College of Architecture, Design and Planning BMS College of Architecture, Design and Planning 2024-07-27 1 412.50 720.28 AR-UG4103 2024-07-27 550.00 2024-07-27 B.Design
Copyright © 2025, The Librarian, Library and Information Centre, BMSCA D&P, Bengaluru. All Rights Reserved
web counter

Powered by Koha